Jirāḥ (Record no. 46905)

MARC details
000 -LEADER
fixed length control field 00554cam a22002051 4500
001 - CONTROL NUMBER
control field ne 64000949
003 - CONTROL NUMBER IDENTIFIER
control field DLC
005 - DATE AND TIME OF LATEST TRANSACTION
control field 20260227111758.0
008 - FIXED-LENGTH DATA ELEMENTS--GENERAL INFORMATION
fixed length control field 890427s1963 ua 000 1 ara c
010 ## - LIBRARY OF CONGRESS CONTROL NUMBER
LC control number ne 64000949
025 ## - OVERSEAS ACQUISITION NUMBER
Overseas acquisition number PL480:UAR-3784
035 ## - SYSTEM CONTROL NUMBER
System control number (OCoLC)19614709
040 ## - CATALOGING SOURCE
Original cataloging agency Princeton Univ. Libr.
Transcribing agency WaU
Modifying agency WaU
-- DLC
042 ## - AUTHENTICATION CODE
Authentication code premarc
050 00 - LIBRARY OF CONGRESS CALL NUMBER
Classification number PJ7840.A3954
Item number J5
100 1# - MAIN ENTRY--PERSONAL NAME
Personal name Jamal, Riḍā.
245 10 - TITLE STATEMENT
Title Jirāḥ
Statement of responsibility, etc. [taʼlīf] Riḍā al-Jamal.
260 ## - PUBLICATION, DISTRIBUTION, ETC.
Place of publication, distribution, etc. al-Qāhirah,
Name of publisher, distributor, etc. ʻĀlam al-Kutub
Date of publication, distribution, etc. [1963?]
300 ## - PHYSICAL DESCRIPTION
Extent 195 p.
Dimensions 20 cm.

No items available.

Powered by Koha